All U.S. Cities Larger Than their European namesakes - Statistics

General Stats
  • This quiz has been taken 13 times
  • The average score is 4 of 88
Answer Stats
Country State City % Correct
UK (England) Massachusetts Boston
77%
UK (England) Delaware Dover
46%
Spain Ohio Toledo
46%
UK (England) Massachusetts Springfield
38%
Italy New York Syracuse
38%
UK (England) Massachusetts Worcester
38%
UK (England) Connecticut Hartford
23%
UK (England) New Jersey Newark
23%
France Louisiana New Orleans
23%
UK (England) Pennsylvania Lancaster
15%
UK (England) Connecticut Stamford
15%
UK (England) Massachusetts Barnstable
8%
UK (Scotland) Texas Dallas
8%
UK (England) Massachusetts Haverhill
8%
Spain Texas Laredo
8%
UK (England) Massachusetts Lynn
8%
Spain Missouri Aledo
0%
UK (England) Massachusetts Amesbury
0%
UK (Scotland) New York Ancram
0%
UK (England) Massachusetts Ashburnham
0%
UK (Scotland) Massachusetts Athol
0%
UK (England) Massachusetts Attleboro
0%
Ireland Pennsylvania Avoca
0%
UK (Wales) Pennsylvania Bala Cynwyd
0%
France New Jersey Bayonne
0%
France South Carolina Beaufort
0%
Germany Illinois Bensenville
0%
UK (England) Massachusetts Beverly
0%
UK (England) Maine Bideford
0%
UK (England) Massachusetts Billerica
0%
UK (England) Massachusetts Boxford
0%
Germany New York Bugholz
0%
UK (Northern Ireland) New York Charlemont
0%
UK (England) Illinois Chatsworth
0%
UK (England) Massachusetts Chilmark
0%
Sweden New York Dannemora
0%
UK (England) Massachusetts Dartmouth
0%
UK (England) Massachusetts Dedham
0%
Ireland Maryland Dundalk
0%
UK (England) Massachusetts Falmouth
0%
UK (England) Connecticut Farmington
0%
UK (Scotland) Minnesota Glencoe
0%
UK (England) Massachusetts Great Barrington
0%
Ireland Pennsylvania Greencastle
0%
UK (Scotland) Louisiana Gretna
0%
UK (England) Massachusetts Groton
0%
UK (England) Maine Harpswell
0%
Netherlands New York Hempstead
0%
UK (England) Massachusetts Hingham
0%
UK (England) New York Islip
0%
UK (Scotland) Washington Kelso
0%
UK (England) Massachusetts Leominster
0%
UK (England) Maine Limington
0%
UK (England) Massachusetts Ludlow
0%
Germany Washington Lynden
0%
UK (England) Massachusetts Malden
0%
UK (England) Massachusetts Marlborough
0%
UK (Scotland) Massachusetts Melrose
0%
UK (England) Massachusetts Mendon
0%
UK (Wales) Pennsylvania Narberth
0%
UK (Scotland) New York Newburgh
0%
France New York New Rochelle
0%
UK (Wales) Massachusetts Pembroke
0%
Ireland Idaho Rathdram
0%
UK (England) Massachusetts Raynham
0%
UK (England) Pennsylvania Ridley Park
0%
UK (England) Massachusetts Rowley
0%
UK (England) Massachusetts Sandwich
0%
UK (England) New York Scarsdale
0%
France Minnesota St. Cloud
0%
UK (England) Massachusetts Stockbridge
0%
UK (England) Connecticut Stratford
0%
UK (England) Massachusetts Sudbury
0%
UK (England) Massachusetts Tewkesbury
0%
UK (England) Massachusetts Tisbury
0%
UK (England) Connecticut Tolland
0%
UK (England) Massachusetts Topesfield
0%
UK (England) Maine Topsham
0%
UK (England) New Jersey Ventnor City
0%
UK (England) Massachusetts Wareham
0%
UK (England) Pennsylvania Warminster
0%
Belgium New York Watervliet
0%
UK (England) Massachusetts Wenham
0%
UK (England) Massachusetts Weymouth
0%
UK (England) New Hampshire Wilton
0%
UK (England) Maine Windham
0%
UK (England) Massachusetts Woburn
0%
UK (England) Massachusetts Wrentham
0%
No matching quizzes found
Score Distribution
Percent of People with Each Score
Percentile by Number Answered
Your Score History
You have not taken this quiz